Central Library OPAC University of Rajshahi

The meaning of non-denotative words : (Record no. 63776)

MARC details
000 -LEADER
fixed length control field 00811nam a2200253 a 4500
001 - CONTROL NUMBER
control field 63776
003 - CONTROL NUMBER IDENTIFIER
rucl marc code BD-RjUL
005 - DATE AND TIME OF LATEST TRANSACTION
control field 20211209081231.0
008 - FIXED-LENGTH DATA ELEMENTS--GENERAL INFORMATION
fixed length control field 170204s1985 ii b 000 0 eng d
035 ## - SYSTEM CONTROL NUMBER
System control number (BD-RjUL)63906
040 ## - CATALOGING SOURCE
Original cataloging agency BD-RjUL
Language of cataloging eng
Transcribing agency BD-RjUL
Modifying agency BD-RjUL
041 ## - LANGUAGE CODE
Language code of text/sound track or separate title eng
082 ## - DEWEY DECIMAL CLASSIFICATION NUMBER
Classification number 491.22
Author mark and year MAM 1985
100 1# - MAIN ENTRY--PERSONAL NAME
Personal name Mazumdar, Pradip Kumar,
Dates associated with a name 1940-
9 (RLIN) 189318
245 14 - TITLE STATEMENT
Title The meaning of non-denotative words :
Remainder of title a study on Indian semantics /
Statement of responsibility, etc. by Pradip Kumar Mazumdar
260 ## - PUBLICATION, DISTRIBUTION, ETC. (IMPRINT)
Place of publication, distribution, etc. Calcutta :
Name of publisher, distributor, etc. Sanskrit Pustak Bhandar,
Date of publication, distribution, etc. 1985
300 ## - PHYSICAL DESCRIPTION
Pagination xvi, 147 p ;
Size 23 cm
504 ## - BIBLIOGRAPHY, ETC. NOTE
Bibliography, etc Bibliography: p. [146]-147
650 #0 - SUBJECT ADDED ENTRY--TOPICAL TERM
Topical term or geographic name as entry element Sanskrit language
General subdivision Semantics
9 (RLIN) 189319
Topical term or geographic name as entry element Semantics (Philosophy)
9 (RLIN) 174506
Topical term or geographic name as entry element Semantics
Geographic subdivision India
9 (RLIN) 189320
942 ## - ADDED ENTRY ELEMENTS (KOHA)
Source of classification or shelving scheme Dewey Decimal Classification
Koha item type Books
Holdings
Lost status Source of classification or shelving scheme Damaged status Not for loan Collection code Permanent Location Current Location Shelving location Date acquired Source of acquisition Cost, normal purchase price Total Checkouts Full call number Date last seen Copy number Koha item type
  Dewey Decimal Classification   Not For Loan Non-fiction Central Library, University of Rajshahi Central Library, University of Rajshahi Reading Room 27/05/1996 Uttar Bongo Library, Rajshahi 112.00   491.22 MAM 1985 04/02/2017 C-1 Books
  Dewey Decimal Classification     Non-fiction Central Library, University of Rajshahi Central Library, University of Rajshahi Reading Room 27/05/1996 Uttar Bongo Library, Rajshahi 112.00   491.22 MAM 1985 04/02/2017 C-2 Books